Statystyki dla Napisz od tyłu (ułyt do zsipaN)

Kliknij tutaj aby rozwiązać quiz!

Ogólne statystyki

  • Ten quiz został rozwiązany 178 razy
  • Średni wynik to 21 z 23

Statystyki odpowiedzi

PodpowiedźOdpowiedź% Poprawnych
PolskaaksloP
100%
SokkoS
99%
DommoD
99%
DywannawyD
99%
KossoK
99%
LodyydoL
99%
LitwaawtiL
97%
PączekkezcąP
96%
KlawiaturaarutaiwalK
93%
KomputerretupmoK
93%
MyszzsyM
93%
KsiążkaakżąisK
91%
AlfabettebaflA
91%
ZeszyttyzseZ
88%
KredkaakderK
87%
RobakkaboR
84%
ŻabaabaŻ
83%
DeszczzczseD
83%
SłońceecńołS
81%
ŻółwwłóŻ
81%
NiebieskiikseibeiN
78%
AkwariummuirawkA
75%
SzczebrzeszynnyzsezrbezczS
67%

Rozkład punktacji

Percentyl według liczby udzielonych odpowiedzi

Procent ludzi z każdym wynikiem

Twoja historia wyników

Nie rozwiązałeś tego quizu